Научный стиль речи (технический профиль): электронный курс
| 主要作者: | |
|---|---|
| 企業作者: | |
| 總結: | Заглавие с экрана Курс "Научный стиль речи (технический профиль)" предназначен для иностранных учащихся, начинающих изучать русский язык и готовящихся поступать на I курс российского технического вуза. В курсе рассматривается минимальный необходимый лексический и грамматический материал по некоторым темам математики, физики, химии ("Числа", "Арифметические операции", "Дроби", "Физические величины", "Система координат", "Механическое движение", "Химические элементы и вещества" и др.). Знания, полученные в курсе, помогут читать общенаучные тексты по дисциплинам технического профиля, воспринимать на слух аудиотексты (минилекции), понимать их основное содержание; извлекать из текста основную информацию; создавать презентации по темам общенаучного характера. Доступ по логину и паролю |
| 語言: | 俄语 |
| 出版: |
Томск, TPU Moodle, 2015
|
| 主題: | |
| 在線閱讀: | https://design.lms.tpu.ru/course/view.php?id=471 |
| 格式: | 電子 圖書 |
| KOHA link: | https://koha.lib.tpu.ru/cgi-bin/koha/opac-detail.pl?biblionumber=651740 |
MARC
| LEADER | 00000nlm0a2200000 4500 | ||
|---|---|---|---|
| 001 | 651740 | ||
| 005 | 20250606145026.0 | ||
| 035 | |a (RuTPU)RU\TPU\network\17002 | ||
| 035 | |a RU\TPU\network\17001 | ||
| 090 | |a 651740 | ||
| 100 | |a 20161121d2015 m y0rusy50 ca | ||
| 101 | 0 | |a rus | |
| 102 | |a RU | ||
| 105 | |a a j 000zy | ||
| 135 | |a jrcn ---uucaa | ||
| 181 | 0 | |a i | |
| 182 | 0 | |a b | |
| 200 | 1 | |a Научный стиль речи (технический профиль) |e электронный курс |f Е. А. Потураева |g Национальный исследовательский Томский политехнический университет (ТПУ), Институт международного образования и языковой коммуникации (ИМОЯК), Кафедра русского языка как иностранного (РКИ) | |
| 203 | |a Текст |c электронный | ||
| 210 | |a Томск |c TPU Moodle |d 2015 | ||
| 300 | |a Заглавие с экрана | ||
| 330 | |a Курс "Научный стиль речи (технический профиль)" предназначен для иностранных учащихся, начинающих изучать русский язык и готовящихся поступать на I курс российского технического вуза. В курсе рассматривается минимальный необходимый лексический и грамматический материал по некоторым темам математики, физики, химии ("Числа", "Арифметические операции", "Дроби", "Физические величины", "Система координат", "Механическое движение", "Химические элементы и вещества" и др.). Знания, полученные в курсе, помогут читать общенаучные тексты по дисциплинам технического профиля, воспринимать на слух аудиотексты (минилекции), понимать их основное содержание; извлекать из текста основную информацию; создавать презентации по темам общенаучного характера. | ||
| 333 | |a Доступ по логину и паролю | ||
| 606 | 1 | |a Русский язык |x Для других народов |x Учебные руководства и пособия |2 stltpush |3 (RuTPU)RU\TPU\subj\26400 |9 50340 | |
| 610 | 1 | |a электронный ресурс | |
| 610 | 1 | |a труды учёных ТПУ | |
| 610 | 1 | |a электронное обучение | |
| 610 | 1 | |a электронные курсы ТПУ | |
| 610 | 1 | |a числа | |
| 610 | 1 | |a операции | |
| 610 | 1 | |a дроби | |
| 610 | 1 | |a степень | |
| 610 | 1 | |a физические величины | |
| 610 | 1 | |a система координат | |
| 610 | 1 | |a векторы | |
| 610 | 1 | |a химические элементы | |
| 610 | 1 | |a вещества | |
| 610 | 1 | |a механическое движение | |
| 610 | 1 | |a электронные учебные пособия | |
| 610 | 1 | |a учебные пособия | |
| 675 | |a Ш141.2-96 |v 3 | ||
| 700 | 1 | |a Потураева |b Е. А. |c лингвист |c доцент Томского политехнического университета, кандидат филологических наук |f 1977- |g Евгения Александровна |3 (RuTPU)RU\TPU\pers\24591 |9 10889 | |
| 712 | 0 | 2 | |a Национальный исследовательский Томский политехнический университет |c (2009- ) |9 26305 |
| 801 | 2 | |a RU |b 63413507 |c 20220121 |g RCR | |
| 850 | |a 63413507 | ||
| 856 | 4 | |u https://design.lms.tpu.ru/course/view.php?id=471 | |
| 942 | |c CF | ||